Understanding the consumer (Record no. 60741)

MARC details
000 -LEADER
fixed length control field 00522nam a2200145 a 4500
008 - FIXED-LENGTH DATA ELEMENTS--GENERAL INFORMATION
fixed length control field 120416s1997 ||||||||||||||||| || u
020 ## - INTERNATIONAL STANDARD BOOK NUMBER
International Standard Book Number 0333660633
050 ## - LIBRARY OF CONGRESS CALL NUMBER
Classification number HF 5415.3 Sta
100 ## - MAIN ENTRY--PERSONAL NAME
Personal name Statt, David A
245 10 - TITLE STATEMENT
Title Understanding the consumer
246 ## - VARYING FORM OF TITLE
Title proper/short title a psychological approach
260 ## - PUBLICATION, DISTRIBUTION, ETC.
Place of publication, distribution, etc. Houndmills
Name of publisher, distributor, etc. Macmillan
Date of publication, distribution, etc. 1997
350 ## - PRICE (NR) (BK AM CF MU VM SE) [OBSOLETE]
Price 0.00
995 ## - RECOMMENDATION 995 [LOCAL, UNIMARC FRANCE]
-- 0.00
-- CBU-MAIN LIBRARY (Kitwe)
-- 1
-- 0.00
-- 1
-- AVAILABLE
-- Jul 5, 2006
-- Main Library Open Access Collection
Holdings
Withdrawn status Lost status Source of classification or shelving scheme Damaged status Not for loan Home library Current library Shelving location Date acquired Total Checkouts Full call number Barcode Date last seen Date last checked out Price effective from Koha item type
          CBU-MAIN LIBRARY, KITWE. CBU-MAIN LIBRARY, KITWE.   11/30/2022 1 HF 5415.3 Sta 027563 08/06/2025 06/19/2025 11/30/2022 MONOGRAPH